Bhakti religion in North India : (Record no. 17711)
[ view plain ]
| 000 -LEADER | |
|---|---|
| fixed length control field | 01092cam a2200313 a 4500 |
| 001 - CONTROL NUMBER | |
| control field | 636489 |
| 003 - CONTROL NUMBER IDENTIFIER | |
| control field | BDDh-ASL |
| 005 - DATE AND TIME OF LATEST TRANSACTION | |
| control field | 20231015025629.0 |
| 008 - FIXED-LENGTH DATA ELEMENTS--GENERAL INFORMATION | |
| fixed length control field | 931014s1995 nyu b s001 0 eng |
| 010 ## - LIBRARY OF CONGRESS CONTROL NUMBER | |
| LC control number | 93041538 |
| 020 ## - INTERNATIONAL STANDARD BOOK NUMBER | |
| International Standard Book Number | 0791420256 |
| 040 ## - CATALOGING SOURCE | |
| Original cataloging agency | DLC |
| Transcribing agency | DLC |
| Modifying agency | BDDh-ASL |
| 043 ## - GEOGRAPHIC AREA CODE | |
| Geographic area code | a-ii--- |
| 050 00 - LIBRARY OF CONGRESS CALL NUMBER | |
| Classification number | BL1151.3 |
| Item number | .B46 1995 |
| 082 00 - DEWEY DECIMAL CLASSIFICATION NUMBER | |
| Classification number | 294.50954 |
| Edition number | 20 |
| Item number | BHA |
| 245 00 - TITLE STATEMENT | |
| Title | Bhakti religion in North India : |
| Remainder of title | community identity and political action / |
| Statement of responsibility, etc. | edited by David N. Lorenzen. |
| 260 ## - PUBLICATION, DISTRIBUTION, ETC. | |
| Place of publication, distribution, etc. | Albany : |
| Name of publisher, distributor, etc. | State University of New York Press, |
| Date of publication, distribution, etc. | c1995. |
| 300 ## - PHYSICAL DESCRIPTION | |
| Extent | x, 331 p. ; |
| Dimensions | 24 cm. |
| 440 #0 - SERIES STATEMENT/ADDED ENTRY--TITLE | |
| Title | SUNY series in religious studies |
| 504 ## - BIBLIOGRAPHY, ETC. NOTE | |
| Bibliography, etc. note | Includes bibliographical references and index. |
| 650 #0 - SUBJECT ADDED ENTRY--TOPICAL TERM | |
| Topical term or geographic name entry element | Hinduism |
| General subdivision | Social aspects. |
| 650 #0 - SUBJECT ADDED ENTRY--TOPICAL TERM | |
| Topical term or geographic name entry element | Sikhism |
| General subdivision | Social aspects. |
| 650 #0 - SUBJECT ADDED ENTRY--TOPICAL TERM | |
| Topical term or geographic name entry element | Bhakti. |
| 650 #0 - SUBJECT ADDED ENTRY--TOPICAL TERM | |
| Topical term or geographic name entry element | Religion and politics |
| Geographic subdivision | India. |
| 700 1# - ADDED ENTRY--PERSONAL NAME | |
| Personal name | Lorenzen, David N. |
| 906 ## - LOCAL DATA ELEMENT F, LDF (RLIN) | |
| a | 7 |
| b | cbc |
| c | orignew |
| d | 1 |
| e | ocip |
| f | 19 |
| g | y-gencatlg |
| 942 ## - ADDED ENTRY ELEMENTS (KOHA) | |
| Source of classification or shelving scheme | Dewey Decimal Classification |
| Koha item type | Books |
| Withdrawn status | Lost status | Source of classification or shelving scheme | Damaged status | Not for loan | Collection code | Home library | Current library | Shelving location | Date acquired | Source of acquisition | Total Checkouts | Full call number | Barcode | Date last seen | Copy number | Price effective from | Koha item type | Public note |
|---|---|---|---|---|---|---|---|---|---|---|---|---|---|---|---|---|---|---|
| Dewey Decimal Classification | Not For Loan | Non-fiction | Asiatic Society Library | Asiatic Society Library | Ludden Collection | 09/07/2020 | Donated by Prof. David Ludden | 294.50954 | 100831 | 09/07/2020 | C-1 | 09/07/2020 | Books | RARE | ||||
| Dewey Decimal Classification | Not For Loan | Non-fiction | Asiatic Society Library | Asiatic Society Library | Ludden Collection | 09/07/2020 | Donated by Prof. David Ludden | 294.50954 BHA | 100835 | 09/07/2020 | C-2 | 09/07/2020 | Books | RARE |